[Event "Krakow op 21st"]
[Site "Krakow"]
[Date "2010.12.31"]
[Round "5"]
[White "Sandor, Lukas"]
[Black "Lohou, Stephane"]
[Result "0-1"]
[WhiteElo "1881"]
[BlackElo "2165"]
[PlyCount "60"]
[EventDate "2010.12.27"]
[EventType "swiss"]
[EventRounds "9"]
[EventCountry "POL"]
[SourceTitle "CBM 140 Extra"]
[Source "ChessBase"]
[SourceDate "2011.03.01"]
[SourceVersion "1"]
[SourceVersionDate "2011.03.01"]
[SourceQuality "1"]

1. e4 c5 2. Nf3 e6 3. d4 cxd4 4. Nxd4 a6 5. Bd3 Bc5 6. Nb3 Ba7 7. 0-0 d6 8. Kh1 Nf6 9. f4 Nbd7 10. Nc3 Qc7 11. Qe2 0-0 12. Bd2 Re8 13. Rae1 e5 14. f5 b5 15. a3 Bb7 16. Rf3 d5 17. Bg5 Rac8 18. Nd2 Bd4 19. Rg3 Bxc3 20. bxc3 dxe4 21. Nxe4 Nxe4 22. Bxe4 f6 23. Bh6 Re7 24. Rd1 Nc5 25. Bd5+ Bxd5 26. Rxd5 Na4 27. Rdd3 Nb2 28. Rdf3 Rd8 29. h3 e4 30. Rf4 Kh8 0-1

[Event "Krakow op 21st"]
[Site "Krakow"]
[Date "2010.12.29"]
[Round "3"]
[White "Pirverdiyev, Agil"]
[Black "Lohou, Stephane"]
[Result "1-0"]
[WhiteElo "2116"]
[BlackElo "2165"]
[PlyCount "67"]
[EventDate "2010.12.27"]
[EventType "swiss"]
[EventRounds "9"]
[EventCountry "POL"]
[SourceTitle "CBM 140 Extra"]
[Source "ChessBase"]
[SourceDate "2011.03.01"]
[SourceVersion "1"]
[SourceVersionDate "2011.03.01"]
[SourceQuality "1"]

1. e4 c5 2. Nf3 e6 3. d4 cxd4 4. Nxd4 a6 5. Bd3 Bc5 6. Nb3 Ba7 7. 0-0 d6 8. Nc3 Nf6 9. Bg5 Nc6 10. Be2 b5 11. Bxf6 gxf6 12. Qd2 Bb7 13. a4 b4 14. Na2 a5 15. c3 bxc3 16. Nxc3 Nb4 17. Nb5 0-0 18. Nxd6 Bc6 19. Bb5 Bb8 20. Bxc6 Nxc6 21. Nb5 Be5 22. Qe2 Qb6 23. Kh1 Rad8 24. f4 Bb8 25. Rf3 Kh8 26. Qe1 Rd7 27. Qh4 Qd8 28. N3d4 f5 29. Qh6 Nxd4 30. Rh3 f6 31. Nxd4 fxe4 32. Rf1 Re8 33. Nc6 Rd1 34. Qxh7# 1-0

[Event "FRA-chT1 0910"]
[Site "France"]
[Date "2009.12.12"]
[Round "6.7"]
[White "Couche, Didier"]
[Black "Lohou, Stephane"]
[Result "1-0"]
[WhiteElo "2129"]
[BlackElo "2181"]
[PlyCount "67"]
[EventDate "2009.09.27"]
[EventType "team-tourn"]
[EventRounds "11"]
[EventCountry "FRA"]
[SourceTitle "EXT 2011"]
[Source "ChessBase"]
[SourceDate "2010.11.26"]
[SourceVersion "1"]
[SourceVersionDate "2010.11.26"]
[SourceQuality "1"]

1. d4 Nf6 2. c4 g6 3. Nc3 d5 4. Nf3 Bg7 5. Bg5 Ne4 6. cxd5 Nxg5 7. Nxg5 e6 8. Nf3 exd5 9. b4 0-0 10. e3 c6 11. Rc1 a6 12. Be2 Nd7 13. 0-0 b5 14. e4 Bb7 15. exd5 cxd5 16. a4 bxa4 17. Nxa4 Re8 18. Nc5 Nxc5 19. bxc5 Bc6 20. Bd3 a5 21. Ra1 a4 22. Ra3 Qa5 23. Qa1 Ra7 24. Rb1 Bd7 25. h3 Qc7 26. Bb5 Bxb5 27. Rxb5 Rea8 28. Qa2 Qf4 29. Rb4 Re8 30. g3 Qf5 31. Kg2 Rae7 32. Rbxa4 Re2 33. Ra8 h5 34. Qxe2 1-0

[Event "Gjovik op"]
[Site "Gjovik"]
[Date "2009.01.04"]
[Round "6"]
[White "Strand, Kjetil"]
[Black "Lohou, Stephane"]
[Result "0-1"]
[WhiteElo "2057"]
[BlackElo "2132"]
[PlyCount "78"]
[EventDate "2008.12.29"]
[EventType "swiss"]
[EventRounds "9"]
[EventCountry "NOR"]
[SourceTitle "CBM 130 Extra"]
[Source "ChessBase"]
[SourceDate "2009.07.02"]
[SourceVersion "2"]
[SourceVersionDate "2009.07.15"]
[SourceQuality "1"]

1. e4 c5 2. Nf3 e6 3. d4 cxd4 4. Nxd4 a6 5. Nc3 Qc7 6. Bd3 Nf6 7. 0-0 d6 8. Kh1 b5 9. f4 Bb7 10. Qf3 Nbd7 11. f5 e5 12. Nde2 Be7 13. Bg5 0-0 14. Ng3 b4 15. Nce2 d5 16. c3 dxe4 17. Bxe4 Nxe4 18. Bxe7 Nef6 19. Qd3 Qc6 20. Qf3 Qc7 21. Qd3 Qc6 22. Qf3 e4 23. Qf4 Nd5 24. Nd4 Qc8 25. Qxe4 Re8 26. f6 N7xf6 27. Qh4 Rxe7 28. Ndf5 Re6 29. Rae1 bxc3 30. Qg5 Qf8 31. Nh5 Rxe1 32. Nxf6+ Nxf6 33. Rxe1 cxb2 34. h4 Ne4 35. Qf4 Re8 36. Kh2 Nf6 37. Rb1 Re4 38. Qc7 Ng4+ 39. Kg3 Qa3+ 0-1

[Event "Gjovik op"]
[Site "Gjovik"]
[Date "2009.01.02"]
[Round "5"]
[White "Lohou, Stephane"]
[Black "Tjoelsen, Katrine"]
[Result "1/2-1/2"]
[WhiteElo "2132"]
[BlackElo "2110"]
[PlyCount "84"]
[EventDate "2008.12.29"]
[EventType "swiss"]
[EventRounds "9"]
[EventCountry "NOR"]
[SourceTitle "CBM 130 Extra"]
[Source "ChessBase"]
[SourceDate "2009.07.02"]
[SourceVersion "2"]
[SourceVersionDate "2009.07.15"]
[SourceQuality "1"]

1. e4 c5 2. Nf3 Nc6 3. d4 cxd4 4. Nxd4 Nf6 5. Nc3 e5 6. Ndb5 d6 7. Nd5 Nxd5 8. exd5 Nb8 9. c4 Be7 10. Bd3 a6 11. Nc3 0-0 12. 0-0 f5 13. f4 Nd7 14. Kh1 g6 15. Be3 Bf6 16. Qd2 a5 17. fxe5 Bxe5 18. Bg5 Bf6 19. Bxf6 Qxf6 20. Ne4 Qe7 21. Ng5 Nc5 22. Rae1 Qf6 23. Bb1 Bd7 24. Rf2 Rfe8 25. Rfe2 Rxe2 26. Rxe2 b6 27. Nf3 Re8 28. Rxe8+ Bxe8 29. Nd4 Bd7 30. Kg1 Kf7 31. b3 Qh4 32. Nf3 Qe7 33. Nd4 Qe5 34. h3 h6 35. Bc2 Qf6 36. Qf2 Qg5 37. h4 Qg4 38. a3 Ne4 39. Bxe4 Qxe4 40. Kh2 Qe5+ 41. Kg1 Qe4 42. Kh2 Qe5+ 1/2-1/2

[Event "Tromsoe Midnight Sun"]
[Site "Tromsoe"]
[Date "2006.06.26"]
[Round "3"]
[White "Lohou, Stephane"]
[Black "Hobber, Anders"]
[Result "1-0"]
[WhiteElo "2142"]
[BlackElo "1926"]
[PlyCount "65"]
[EventDate "2006.06.24"]
[EventType "swiss"]
[EventRounds "9"]
[EventCountry "NOR"]
[SourceTitle "CBM 112 Extra"]
[Source "ChessBase"]
[SourceDate "2006.07.14"]
[SourceVersion "1"]
[SourceVersionDate "2006.07.14"]
[SourceQuality "1"]

1. e4 c5 2. Nf3 Nc6 3. d4 cxd4 4. Nxd4 g6 5. Nc3 Bg7 6. Nxc6 bxc6 7. Bc4 d6 8. 0-0 Nf6 9. h3 0-0 10. Be3 Bb7 11. Bb3 d5 12. Bc5 Re8 13. Qf3 e5 14. Rad1 Qa5 15. Be3 h6 16. Bxh6 Nxe4 17. Nxe4 Bxh6 18. Nf6+ Kg7 19. Nxe8+ Rxe8 20. Rfe1 Ba6 21. Qc3 Qxc3 22. bxc3 Bg5 23. Ba4 Re6 24. Bb3 Re8 25. c4 d4 26. Rxd4 Re7 27. Rd6 Bb7 28. Ba4 Rc7 29. Red1 Ba6 30. Rxc6 Rxc6 31. Bxc6 Bxc4 32. Bd5 Bb5 33. c4 1-0

[Event "Monarch Assurance 14th"]
[Site "Port Erin"]
[Date "2005.09.28"]
[Round "5"]
[White "Nicholson, John"]
[Black "Lohou, Stephane"]
[Result "1/2-1/2"]
[WhiteElo "2167"]
[BlackElo "2144"]
[PlyCount "113"]
[EventDate "2005.09.24"]
[EventType "swiss"]
[EventRounds "9"]
[EventCountry "IOM"]
[SourceTitle "CBM 108 Extra"]
[Source "ChessBase"]
[SourceDate "2005.11.04"]
[SourceVersion "1"]
[SourceVersionDate "2005.11.04"]
[SourceQuality "1"]

1. e4 c5 2. Nf3 e6 3. c3 Nf6 4. Bd3 d6 5. 0-0 Be7 6. Bc2 0-0 7. d4 Nc6 8. Qe2 cxd4 9. cxd4 e5 10. d5 Nb4 11. Nc3 Bg4 12. Bd1 Na6 13. h3 Bh5 14. Be3 Nd7 15. g4 Bg6 16. Kg2 Nac5 17. Bc2 a5 18. Nd2 Bg5 19. Nc4 Bxe3 20. Qxe3 Nb6 21. Nxb6 Qxb6 22. Rab1 Qd8 23. Ne2 h6 24. f3 Qg5 25. Qf2 Qd2 26. Rbc1 Rfc8 27. Nc3 Qxf2+ 28. Kxf2 f6 29. Ke3 Be8 30. h4 Bd7 31. Rg1 Rf8 32. g5 fxg5 33. hxg5 h5 34. g6 h4 35. Rg5 Rf6 36. Ne2 Raf8 37. Rf1 h3 38. f4 exf4+ 39. Rxf4 h2 40. Rh5 Rxg6 41. Rxh2 Re8 42. Kd2 Rg4 43. Rxg4 Bxg4 44. Nc3 Bd7 45. Ke3 b5 46. Kd4 Re7 47. Rh5 Be8 48. Rg5 b4 49. Ne2 Nd7 50. Ng3 Ne5 51. Ke3 Bd7 52. b3 Rf7 53. Bd1 g6 54. Be2 Kh7 55. Nf1 Kh6 56. Rg1 g5 57. Ng3 1/2-1/2

[Event "Monarch Assurance 14th"]
[Site "Port Erin"]
[Date "2005.09.26"]
[Round "3"]
[White "Sareen, Vishal"]
[Black "Lohou, Stephane"]
[Result "1-0"]
[WhiteElo "2385"]
[BlackElo "2144"]
[PlyCount "69"]
[EventDate "2005.09.24"]
[EventType "swiss"]
[EventRounds "9"]
[EventCountry "IOM"]
[SourceTitle "CBM 108 Extra"]
[Source "ChessBase"]
[SourceDate "2005.11.04"]
[SourceVersion "1"]
[SourceVersionDate "2005.11.04"]
[SourceQuality "1"]

1. e4 c5 2. Nf3 e6 3. d4 cxd4 4. Nxd4 a6 5. Nc3 b5 6. Bd3 Qb6 7. Nf3 Nc6 8. Qe2 d6 9. 0-0 Nf6 10. a4 b4 11. Nb1 Be7 12. Nbd2 0-0 13. Nc4 Qc7 14. Bg5 Bb7 15. Rad1 Rad8 16. Rfe1 d5 17. exd5 Rxd5 18. Nce5 Nxe5 19. Nxe5 a5 20. f4 Rdd8 21. Rf1 Nd5 22. Rf3 f6 23. Rh3 f5 24. Qh5 h6 25. Bxh6 Qc5+ 26. Kh1 Ne3 27. Rxe3 Qxe3 28. Bxg7 Kxg7 29. Qg6+ Kh8 30. Qh6+ Kg8 31. Qxe6+ Kh7 32. Qxe7+ Kg8 33. Bc4+ Bd5 34. Bxd5+ Rxd5 35. Qe6+ 1-0

[Event "Monarch Assurance 14th"]
[Site "Port Erin"]
[Date "2005.09.25"]
[Round "2"]
[White "Lohou, Stephane"]
[Black "Kononenko, Tatiana"]
[Result "1/2-1/2"]
[WhiteElo "2144"]
[BlackElo "2442"]
[PlyCount "77"]
[EventDate "2005.09.24"]
[EventType "swiss"]
[EventRounds "9"]
[EventCountry "IOM"]
[SourceTitle "CBM 108 Extra"]
[Source "ChessBase"]
[SourceDate "2005.11.04"]
[SourceVersion "1"]
[SourceVersionDate "2005.11.04"]
[SourceQuality "1"]

1. e4 e6 2. d4 d5 3. Nc3 Bb4 4. e5 Ne7 5. a3 Bxc3+ 6. bxc3 c5 7. Qg4 0-0 8. Bd3 f5 9. exf6 Rxf6 10. Bg5 Rf7 11. Qh5 g6 12. Qd1 Nbc6 13. Nf3 c4 14. Be2 Qf8 15. 0-0 h6 16. Bc1 Qg7 17. Qd2 g5 18. h4 g4 19. Nh2 h5 20. Qe1 Nf5 21. Bg5 Bd7 22. g3 e5 23. f3 Nd6 24. fxg4 Rxf1+ 25. Bxf1 hxg4 26. Bg2 e4 27. Bf4 Nf7 28. Qd2 Ncd8 29. Rf1 Ne6 30. Rf2 Re8 31. Nf1 b5 32. Ne3 Nxf4 33. Rxf4 Be6 34. Bf1 Nh6 35. Qf2 a5 36. Rf6 Rf8 37. Rxf8+ Qxf8 38. Qxf8+ Kxf8 39. Be2 1/2-1/2

[Event "Rilton Cup 34th"]
[Site "Stockholm"]
[Date "2004.12.31"]
[Round "5"]
[White "Lohou, Stephane"]
[Black "Nouro, Mikael"]
[Result "0-1"]
[WhiteElo "2167"]
[BlackElo "2361"]
[PlyCount "56"]
[EventDate "2004.12.27"]
[EventType "swiss"]
[EventRounds "9"]
[EventCountry "SWE"]
[SourceTitle "CBM 104 Extra"]
[Source "ChessBase"]
[SourceDate "2005.03.01"]
[SourceVersion "1"]
[SourceVersionDate "2005.03.01"]
[SourceQuality "1"]

1. e4 d6 2. d4 Nf6 3. Nc3 g6 4. Bg5 Bg7 5. Qd2 h6 6. Bh4 Nbd7 7. f4 c5 8. d5 Qb6 9. Rb1 a6 10. Nf3 Qc7 11. a4 Rb8 12. Bc4 0-0 13. 0-0 Nb6 14. Be2 Bg4 15. a5 Nc8 16. e5 Nh7 17. Ne4 Bxf3 18. Rxf3 dxe5 19. fxe5 Bxe5 20. Qxh6 Bg7 21. Qd2 Nd6 22. Nxd6 exd6 23. b4 b6 24. bxc5 bxc5 25. Rxb8 Rxb8 26. Bxa6 c4 27. Bf2 Rb1+ 28. Be1 Qa7+ 0-1

[Event "Bergen Sommer op"]
[Site "Bergen"]
[Date "2004.08.06"]
[Round "6"]
[White "Naalsund, Roar"]
[Black "Lohou, Stephane"]
[Result "1-0"]
[WhiteElo "1761"]
[BlackElo "2167"]
[PlyCount "67"]
[EventDate "2004.08.01"]
[EventType "swiss"]
[EventRounds "6"]
[EventCountry "NOR"]
[SourceTitle "CBM 101 Extra"]
[Source "ChessBase"]
[SourceDate "2004.09.01"]
[SourceVersion "2"]
[SourceVersionDate "2004.09.01"]
[SourceQuality "1"]

1. e4 c5 2. Nf3 e6 3. d4 cxd4 4. Nxd4 a6 5. Bd3 Bc5 6. Nb3 Be7 7. Be3 d6 8. Nc3 Nf6 9. f4 Qc7 10. Qe2 b5 11. a3 Bb7 12. 0-0 h5 13. Kh1 h4 14. f5 e5 15. Bg5 Nbd7 16. Nd2 h3 17. g4 Nxe4 18. Bxe4 Bxg5 19. Nf3 Bd8 20. g5 Nc5 21. Bd5 Na4 22. Nxb5 Bxd5 23. Nxc7+ Bxc7 24. Rad1 Bc6 25. Qc4 Kd7 26. Qxf7+ Kc8 27. Qxg7 Kb7 28. g6 Raf8 29. f6 Rhg8 30. Qh7 Rxf6 31. Qxg8 e4 32. Nd4 e3+ 33. Nxc6 e2 34. Qf7 1-0

[Event "FRA-chT2O 0203"]
[Site "France"]
[Date "2002.11.17"]
[Round "3.5"]
[White "Lohou, Stephane"]
[Black "Leroy, Christophe"]
[Result "1-0"]
[WhiteElo "2163"]
[BlackElo "2230"]
[PlyCount "80"]
[EventDate "2002.10.??"]
[EventType "team-tourn"]
[EventRounds "11"]
[EventCountry "FRA"]
[SourceTitle "EXT 2004"]
[Source "ChessBase"]
[SourceDate "2003.11.25"]
[SourceVersion "1"]
[SourceVersionDate "2003.11.25"]
[SourceQuality "1"]
[WhiteTeam "Vincennes"]
[BlackTeam "Lyon Olympique"]
[WhiteTeamCountry "FRA"]
[BlackTeamCountry "FRA"]

1. e4 e5 2. f4 exf4 3. Bc4 Nf6 4. Nc3 c6 5. Bb3 d5 6. exd5 cxd5 7. d4 Bd6 8. Nf3 0-0 9. 0-0 Nc6 10. Nxd5 Nxd5 11. Bxd5 Bg4 12. c3 Qc7 13. Qd3 Ne7 14. Ng5 g6 15. Bf3 Bf5 16. Qb5 f6 17. Ne4 Bxe4 18. Bxe4 Rab8 19. Bd2 Kg7 20. c4 f3 21. Rxf3 Bxh2+ 22. Kh1 Nc6 23. Bc3 Rbd8 24. Bxc6 bxc6 25. Qa4 Bf4 26. Ba5 Qd6 27. Bxd8 Rxd8 28. Qxa7+ Rd7 29. Qc5 Qxd4 30. Qxd4 Rxd4 31. b3 Be5 32. Re1 Rh4+ 33. Rh3 Rd4 34. a4 g5 35. Rf3 Rh4+ 36. Kg1 Bd4+ 37. Kf1 g4 38. Rd3 Bb6 39. Rd7+ Kg6 40. Rd6 g3 1-0